000 01011cam a2200289 i 4500
999 _c16845
_d16845
001 3228776
003 OSt
005 20161118092146.0
008 790717s1979 njua b 001 0 eng
010 _a 79084026
020 _a0691039488 :
_c$22.00
020 _a069100322X (pbk.) :
_c$6.95
040 _aDLC
_cDLC
_dDLC
050 0 0 _aNA2500
_b.S43
082 0 0 _a720/.1
100 1 _aScruton, Roger.
245 1 4 _aThe aesthetics of architecture /
_cRoger Scruton.
260 _aPrinceton, N.J. :
_bPrinceton University Press,
_cc1979.
300 _ax, 302 p. :
_bill. ;
_c24 cm.
490 0 _aPrinceton essays on the arts ; 8
500 _aIncludes indexes.
504 _aBibliography: p. 291-292.
650 0 _aArchitecture
_xAesthetics.
856 4 2 _3Publisher description
_uhttp://www.loc.gov/catdir/enhancements/fy1505/79084026-d.html
906 _a7
_bcbc
_corignew
_d1
_eopcn
_f19
_gy-gencatlg
942 _2lcc
_cBOOKS
_hNA 2500 .S37 1979